Color Snap II Quiz Stats

 Plays Quiz Updated Jul 17, 2015

Also try: Color Snap
Challenge
Share
Tweet
Score 0/90 Timer 05:00
1 Play Today
# Colors % Correct
A1A1 E1
98.4%
E1E1 A1
98.4%
A4A4 A2
95.2%
A2A2 A4
95.2%
B15B15 B4
92.2%
B4B4 B15
92.2%
A3A3 E3
91.1%
E3E3 A3
91.1%
A14A14 F5
91.1%
F5F5 A14
91.1%
A11A11 E6
90.7%
E6E6 A11
90.7%
A5A5 E9
90.5%
E9E9 A5
90.5%
B9B9 A10
88.9%
A10A10 B9
88.9%
B2B2 D15
88.6%
D15D15 B2
88.6%
B8B8 C2
88.3%
C2C2 B8
88.3%
A13A13 E11
88.3%
E11E11 A13
88.3%
B6B6 E12
85.8%
E12E12 B6
85.8%
B14B14 A8
85.1%
A8A8 B14
85.1%
B1B1 D9
85.1%
D9D9 B1
85.1%
A6A6 B10
84.8%
B10B10 A6
84.8%
# Colors % Correct
C6C6 F11
83.6%
F11F11 C6
83.6%
C5C5 A7
82.7%
A7A7 C5
82.7%
B3B3 E15
81.5%
E15E15 B3
81.5%
A9A9 F14
81.2%
F14F14 A9
81.2%
A15A15 F2
80.4%
F2F2 A15
80.4%
B5B5 D1
80.3%
D1D1 B5
80.3%
C1C1 E2
79.5%
E2E2 C1
79.5%
B13B13 F12
77.2%
F12F12 B13
77.2%
C9C9 F10
76.7%
F10F10 C9
76.7%
E14E14 E13
76.3%
E13E13 E14
76.3%
B7B7 A12
75.4%
A12A12 B7
75.4%
C14C14 F1
75%
F1F1 C14
75%
C3C3 D12
74.7%
D12D12 C3
74.7%
D7D7 D10
73.7%
D10D10 D7
73.7%
C11C11 D11
72%
D11D11 C11
72%
# Colors % Correct
B11B11 E4
71.3%
E4E4 B11
71.3%
C8C8 E10
69.5%
E10E10 C8
69.5%
D5D5 D14
69%
D14D14 D5
69%
C13C13 F8
66.1%
F8F8 C13
66.1%
F15F15 F3
65.6%
F3F3 F 15
65.6%
B12B12 F6
64.2%
F6F6 B12
64.2%
D3D3 E8
62.5%
E8E8 D3
62.5%
C12C12 F13
62.5%
F13F13 C12
62.5%
C7C7 E7
62%
C4C4 E5
62%
E5E5 C4
62%
E7E7 C7
62%
D6D6 F7
61.2%
F7F7 D6
61.2%
C15C15 F4
59.9%
F4F4 C15
59.9%
D2D2 F9
58.9%
F9F9 D2
58.9%
C10C10 D13
56.6%
D13D13 C10
56.6%
D4D4 D8
50.3%
D8D8 D4
50.3%

You're not logged in!

Compare scores with friends on all Sporcle quizzes.
OR
Log In

You Might Also Like...

Show Comments

Extras

Top Quizzes Today


Score Distribution

Your Account Isn't Verified!

In order to create a playlist on Sporcle, you need to verify the email address you used during registration. Go to your Sporcle Settings to finish the process.

Report this User

Report this user for behavior that violates our Community Guidelines.

Details: